00367nam a2200157Ia 45000010006000000050017000060080041000230410008000640820015000721000021000872450042001082600009001503000034001596500008001936540008002011392320260306164836.0260306t2012||||xx |||||||||||||| ||spa|| aESP a005.7bH21 aHan, JiaweieAUT 0aData mining:bconcepts and techniques c2012 axxix, 703 páginas :c24 cm. aGEN aCCC